Online
Catalog

La revolución académica / (Record no. 23544)

MARC details
000 -CABECERA
campo de control de longitud fija 00891nam a2200229 a 4500
001 - NÚMERO DE CONTROL
campo de control 000024049
005 - FECHA Y HORA DE LA ÚLTIMA TRANSACCIÓN
campo de control 20200930022656.0
008 - DATOS DE LONGITUD FIJA--INFORMACIÓN GENERAL
campo de control de longitud fija 110118s1968 ag 000 0 spa d
040 ## - FUENTE DE LA CATALOGACIÓN
Centro catalogador/agencia de origen DO-SdBNP
Lengua de catalogación spa
Centro/agencia transcriptor BNPHU
041 17 - CÓDIGO DE LENGUA
Código de lengua del texto/banda sonora o título independiente spa
Fuente del código eng
082 ## - NÚMERO DE LA CLASIFICACIÓN DECIMAL DEWEY
Número de clasificación xxx
Número de documento/Ítem xxxx
100 1# - ENTRADA PRINCIPAL--NOMBRE DE PERSONA
Nombre de persona Jencks, Christopher.
9 (RLIN) 49416
240 14 - TÍTULO UNIFORME
Título uniforme The academic revolution.
Lenguaje de la obra Español
245 13 - MENCIÓN DE TÍTULO
Título La revolución académica /
Mención de responsabilidad, etc. Christopher Jencks y David Riesman ; traducción Roberto Juan Walton.
260 ## - PUBLICACIÓN, DISTRIBUCIÓN, ETC.
Lugar de publicación, distribución, etc. Buenos Aires :
Nombre del editor, distribuidor, etc. Biblioteca de psicología Social y Sociología
-- Paidós,
Fecha de publicación, distribución, etc. 1968.
300 ## - DESCRIPCIÓN FÍSICA
Dimensiones 23 cm.
490 1# - MENCIÓN DE SERIE
Mención de serie Biblioteca de Psicología Social y sociología.
Designación de volumen o secuencia 47
500 ## - NOTA GENERAL
Nota general Incluye referencias bibliográficas y notas al pie de las páginas.
700 1# - PUNTO DE ACCESO ADICIONAL--NOMBRE DE PERSONA
Nombre de persona Riesman, David.
9 (RLIN) 49417
700 1# - PUNTO DE ACCESO ADICIONAL--NOMBRE DE PERSONA
Nombre de persona Walton, Roberto Juan,
Término indicativo de función/relación tr.
9 (RLIN) 49418
830 #0 - PUNTO DE ACCESO ADICIONAL DE SERIE-TÍTULO UNIFORME
Título uniforme Biblioteca de Psicología Social y sociología
Designación de volumen o secuencia 47
9 (RLIN) 49419
Holdings
Estado de retiro Estado de pérdida Restricciones de uso No para préstamo Código de colección Localización permanente Ubicación/localización actual Ubicación en estantería Fecha de adquisición Número de inventario Total de préstamos Signatura topográfica completa Código de barras Fecha visto por última vez Precio válido a partir de Tipo de ítem Koha Número de copia
        Monografías: Libros y Folletos General General Depósito 18.01.2011 LF1   xxx xxxx 24049-10 25.06.2020 25.06.2020 Préstamo en sala  
      Préstamo restrigido Monografías: Libros y Folletos General General En catalogación 18.01.2011 LF1   xxx xxxx 24049-20 25.06.2020 25.06.2020 Préstamo en sala e. 2

Powered by Koha